00936cam a2200253 a 450000100100000000500170001000800410002702000150006804000290008308200180011210000380013024500690016826000790023730000280031649000230034450400450036765000290041265000310044183000300047291000340050204900090053695201220054599900150066700001002920200929161817.0931116s1990 sp a b 000 0 spa d a8477850593 aDO-SdBNPbspacLCdBNPHU a861.64bP259f1 aParreño, José María.92498410aFe de erratas :bpoesía 1980-1990 /cJosé María Parreño. aMálaga :bÁrea de Cultura de la Excma. Diputación Provincial,c1990. a275 p. :bil. ;c22 cm.1 aPuerta del Marv41 aReferencias bibliográficas p. 195-196. 4aPoesía española9631 4aLiteratura española9632 0aPuerta del Marv41924985 aCatalogación por copia / LC aBNGR 001052708MOaGRbGRcCTd2009-10-02iLF1l0o861.64 P259fp10029-10r2020-06-25w2020-06-25y2ZPréstamo interno c9788d9788